Antonio y Cleopatra

Uloženo v:
Podrobná bibliografie
Hlavní autor: Shakespeare, William (Autor)
Médium: Kniha
Jazyk:španělština
Vydáno: Barcelona Rodesa 2003
Témata:
Tagy: Přidat tag
Žádné tagy, Buďte první, kdo vytvoří štítek k tomuto záznamu!

MARC

LEADER 00000nam a2200000 a 4500
001 UCK7779
003 CL-VaPUC
005 20240704110737.0
008 051209e20030000SP |||||||||||||||||spa|d
999 |c 315626  |d 315624 
020 |a 8447329313 
040 |c Pontificia Universidad Católica de Valparaíso 
082 0 4 |a 822  |b SHA  |2 21 
100 |a Shakespeare, William  |e author  |9 265757 
245 1 0 |a Antonio y Cleopatra 
260 |a Barcelona  |b Rodesa  |c 2003 
300 |a 239 p 
500 |a Obra Completa 
583 |a last modification  |c 20051209 00:00:00  |k Rodrigo Vera 
650 0 |a Dramas ingleses  |9 269396 
650 0 |a Poesía inglesa   |9 264944 
650 0 |a Literatura inglesa  |9 312907 
942 |c BK  |2 ddc 
945 |d 20051209 00:00:00  |a jtorresc 
952 |0 0  |1 0  |4 0  |6 822_000000000000000_SHA_2003  |7 0  |8 A  |9 389163  |a BIBING  |b BIBING  |d 2019-11-22  |i 4173600  |o 822 SHA 2003  |p 4173600  |r 2025-01-20  |w 2019-11-22  |y BK  |k ING